000 00457nam a2200181Ia 4500
001 7901
005 20260306160529.0
008 260306t2019||||xx |||||||||||||| ||spa||
041 _aESP
082 _a363.7
_bT24
100 _aTatay, Jaime
_eAUT
245 0 _aCreer en la sostenibilidad:
_blas religiones ante el reto medioambiental
260 _c2019
300 _a30 páginas :
_c20 cm.
650 _aGEN
654 _aCIA
942 _cLIB
_dJUS
_fJUS
_2ddc
_n
999 _c7901
_d7901